| 000 | 03238nam a22002777a 4500 | ||
|---|---|---|---|
| 003 | DO-SdBJH | ||
| 005 | 20260220214755.0 | ||
| 008 | 260128b2025 |||bd||| |||| 00| 0 spa d | ||
| 040 |
_aDO-SdBJH _bspa _cDO-SdBJH |
||
| 041 | 0 | _aspa | |
| 090 |
_aCT MA-SDN 0012 _bEGAEE 2025 |
||
| 100 | 1 |
_aMiranda Salazar, Raquel Leonor _esustentante |
|
| 245 | 1 | 0 |
_aRol de seguridad de la Armada de República Dominicana en la protección de la explotación de los recursos pesqueros, provincia Puerto Plata, período 2020-2024 / _cRaquel Leonor Miranda Salazar, Gelson Andrés Pérez Reyes ; asesor de contenido Newton Davinsy Montás Peláez ; asesor metodológico Marcos Mateo Capellan. |
| 260 |
_aSanto Domingo, República Dominicana : _bUNADE, _c2025. |
||
| 300 |
_axvii, 100, [18] páginas : _bGráficas, mapas. |
||
| 502 | _aTesis y trabajos de grado (Maestría en Seguridad y Defensa Nacional)--Universidad para la Defensa "General Juan Pablo Duarte y Díez", Santo Domingo, 2025. | ||
| 504 | _aIncluye referencias bibliográficas, apéndices y anexos. | ||
| 505 | _aAntecedentes y marco legal en el contexto del rol de seguridad de la Armada de República Dominicana en la protección de los recursos pesqueros -- Aspectos sobre la gobernanza en el rol de seguridad de la Armada de República Dominicana en la protección de los recursos pesqueros de la provincia de Puerto Plata, en el período 2020-2024 -- Rol de seguridad de la Armada de República Dominicana en la protección de la explotación de los Recursos pesqueros en la provincia de Puerto Plata. | ||
| 520 | _aLa presente tesis tiene como objetivo general, analizar el rol de seguridad de la Armada de República Dominicana en la protección de la explotación de los recursos pesqueros en la provincia de Puerto Plata, durante el período 2020-2024. el marco metodológico se sustentó en un enfoque mixto predominante cualitativo, con un diseño no experimental de corte transversal, empleando la triangulación de fuentes mediante revisión documental, entrevistas a actores clave y encuestas para validar los hallazgos. Como conclusión más significativa, se determina que la Armada desempeña un papel determinante y socialmente legitimado; no obstante, su efectividad operativa se ve severamente comprometida por limitaciones estructurales en infraestructura y unidades navales, tecnología y capacitación técnica, lo cual genera una vulnerabilidad estratégica frente a la pesca ilegal. En respuesta, la recomendación principal insta a desarrollar e implementar el "Plan de fortalecimiento de la soberanía y protección de recursos marítimos - Costa Norte 2025-2030, enfocado en la modernización de la Flota, la adopción de un Sistema Integrado de Vigilancia Marítima y la profesionalización especializada del personal para garantizar la conservación de los recursos pesqueros marinos y el desarrollo sostenible en la provincia de Puerto Plata. | ||
| 650 |
_a Recursos Pesqueros _xprotección _zPuerto Plata |
||
| 651 |
_aRepública Dominicana _xArmada |
||
| 700 | 1 |
_4Pérez Reyes, Gelson Andrés _esustentante |
|
| 700 | 1 |
_aMontás Peláez, Newton Davinsy _easesor de contenido |
|
| 700 | 1 |
_aMateo Capellan, Marcos _easesor metodológico |
|
| 942 |
_2CL _cT |
||
| 999 |
_c8570 _d8570 |
||